000 00684nam a2200205 i 4500
001 99515
003 ES-MaACL
007 t|
008 050912s1982 sp ||||1| spa d
100 1 _aMartinet, Jeanne.
_977707
245 1 0 _aClaves para la semiología /
_cJeanne Martinet; versión de María Victoria Catalina.
250 _a1ª reimp.
260 _aMadrid :
_bGredos,
_c1982.
300 _a237 p. ;
_c20 cm.
490 1 _aBiblioteca románica hispánica. III. Manuales ;
_vIII
700 1 _aCatalina, María Victoria.
_937036
830 0 _aBiblioteca románica hispánica. III. Manuales ;
_vIII
_9177701
852 _aES-MaACL
_jL-3939
_bR.104043
999 _c99515
_d99515